000 00723nam a22002177a 4500
999 _c9862
_d9862
001 9862
003 BD-JhCC
005 20200213134007.0
008 180402b1980 bg ||||| |||| 00| 0 ben d
035 _a(BD-JhCC)9862
040 _aBD-JhCC
_dBD-JhCC
041 _aben
082 _a301
_bARN 1980
100 _aআরেন্স, ইয়েনেকা
245 _aঝগড়াপুর :
_bগ্রামবাংলার গৃহস্থ ও নারী /
_c ইয়েনেকা আরেন্স
260 _aঢাকা :
_bপপুলার প্রিন্টিং এজেন্সী
_c1980.
300 _a281. p.:
_c21 cm.
650 _aSociety
942 _2ddc
_cBK
_02